000
00260nam a2200097Ia 4500
001
970441
005
20251230103055.0
008
250824s9999 xx 000 0 und d
245
0
_a
SHERLOCK HOLMES - TEHLİKELİ MİRAS
_c
SİR ARTHUR CONAN DOYLE
260
_b
TİMAŞ
999
_c
970441
_d
970441